[Event "Brønshøj Lang Weekend 2015"]
[Site "?"]
[Date "2015.02.07"]
[Round "3.9"]
[White "Moe, Mogens"]
[Black "Andersen, Daniel"]
[Result "1-0"]
[BlackElo "1930"]
[WhiteElo "2183"]
[LiveChessVersion "1.4.5"]

1. e4 {[%clk 1:30:59]} e6 {[%clk 1:30:58]} 2. d4 {[%clk 1:31:16]} d5
{[%clk 1:31:23]} 3. Nd2 {[%clk 1:31:39]} c5 {[%clk 1:31:49]} 4. Ngf3
{[%clk 1:31:52]} cxd4 {[%clk 1:32:10]} 5. exd5 {[%clk 1:32:14]} Qxd5
{[%clk 1:32:35]} 6. Bc4 {[%clk 1:32:32]} Qd6 {[%clk 1:32:59]} 7. O-O
{[%clk 1:32:50]} Nf6 {[%clk 1:33:21]} 8. Re1 {[%clk 1:32:56]} Be7
{[%clk 1:31:34]} 9. Nb3 {[%clk 1:32:30]} Nc6 {[%clk 1:31:57]} 10. Nbxd4
{[%clk 1:30:09]} Nxd4 {[%clk 1:32:21]} 11. Qxd4 {[%clk 1:28:13]} Qxd4
{[%clk 1:32:03]} 12. Nxd4 {[%clk 1:28:36]} a6 {[%clk 1:32:12]} 13. a4
{[%clk 1:28:47]} O-O {[%clk 1:32:01]} 14. Bf4 {[%clk 1:27:35]} Rd8
{[%clk 1:31:22]} 15. Rad1 {[%clk 1:23:09]} Bd7 {[%clk 1:29:47]} 16. Bb3
{[%clk 1:22:26]} Rac8 {[%clk 1:29:31]} 17. h3 {[%clk 1:20:28]} Be8
{[%clk 1:27:59]} 18. c3 {[%clk 1:11:03]} Nd5 {[%clk 1:25:46]} 19. Be5
{[%clk 1:09:55]} Nb6 {[%clk 1:23:27]} 20. a5 {[%clk 0:57:19]} Nc4
{[%clk 1:22:43]} 21. Bxc4 {[%clk 0:57:07]} Rxc4 {[%clk 1:23:06]} 22. Nf3
{[%clk 0:49:13]} f6 {[%clk 1:15:45]} 23. Bd4 {[%clk 0:49:17]} e5 {[%clk 1:14:35]}
24. Bb6 {[%clk 0:49:32]} Rxd1 {[%clk 1:14:29]} 25. Rxd1 {[%clk 0:49:53]} Kf7
{[%clk 1:14:40]} 26. Rc1 {[%clk 0:37:26]} Rc8 {[%clk 1:08:43]} 27. Kf1
{[%clk 0:36:19]} Bb5+ {[%clk 1:05:00]} 28. Ke1 {[%clk 0:36:40]} Ba4
{[%clk 1:03:53]} 29. Ke2 {[%clk 0:28:54]} Bc5 {[%clk 1:00:51]} 30. Bxc5
{[%clk 0:28:36]} Rxc5 {[%clk 1:01:15]} 31. b4 {[%clk 0:28:46]} Bb5+
{[%clk 1:00:37]} 32. Ke3 {[%clk 0:27:50]} Rc7 {[%clk 1:00:29]} 33. g3
{[%clk 0:24:50]} Ke6 {[%clk 0:57:10]} 34. Nd2 {[%clk 0:21:02]} f5
{[%clk 0:57:01]} 35. c4 {[%clk 0:21:06]} Bc6 {[%clk 0:56:37]} 36. h4
{[%clk 0:19:59]} Rd7 {[%clk 0:56:02]} 37. Nb3 {[%clk 0:19:35]} Kf6
{[%clk 0:55:33]} 38. Nc5 {[%clk 0:18:00]} Rd4 {[%clk 0:55:35]} 39. f4
{[%clk 0:17:23]} Be4 {[%clk 0:54:40]} 40. Rc3 {[%clk 0:30:00]} Rd1
{[%clk 1:07:21]} 41. b5 {[%clk 0:26:16]} axb5 {[%clk 1:05:04]} 42. cxb5
{[%clk 0:26:39]} exf4+ {[%clk 1:00:25]} 43. gxf4 {[%clk 0:26:53]} Ra1
{[%clk 0:59:13]} 44. a6 {[%clk 0:26:57]} bxa6 {[%clk 0:59:04]} 45. bxa6
{[%clk 0:26:56]} g6 {[%clk 0:57:54]} 46. Rb3 {[%clk 0:26:26]} Re1+
{[%clk 0:54:09]} 47. Kd2 {[%clk 0:25:55]} Ra1 {[%clk 0:54:21]} 48. Rb6+
{[%clk 0:26:11]} Kg7 {[%clk 0:53:57]} 49. Ke3 {[%clk 0:14:44]} Bg2
{[%clk 0:49:30]} 50. Rb4 {[%clk 0:14:46]} Bf1 {[%clk 0:48:18]} 51. Rb7+ Kh6
{[%clk 0:48:21]} 52. a7 {[%clk 0:15:03]} Kh5 {[%clk 0:48:34]} 53. Rxh7+
{[%clk 0:14:30]} Kg4 {[%clk 0:48:59]} 54. Nd7 {[%clk 0:14:29]} Bg2
{[%clk 0:48:08]} 55. Ne5+ {[%clk 0:13:15]} Kg3 {[%clk 0:47:49]} 56. Nxg6
{[%clk 0:13:28]} Ra3+ {[%clk 0:47:57]} 57. Kd4 {[%clk 0:13:39]} Ra6
{[%clk 0:45:31]} 58. h5 {[%clk 0:13:57]} Kg4 {[%clk 0:45:39]} 59. Kc5
{[%clk 0:07:37]} Ra5+ {[%clk 0:45:45]} 60. Kb6 {[%clk 0:07:46]} Ra1
{[%clk 0:46:05]} 61. h6 {[%clk 0:07:01]} Kh5 {[%clk 0:44:48]} 62. Ne5
{[%clk 0:06:26]} Be4 {[%clk 0:44:37]} 63. Nc4 {[%clk 0:04:46]} Kg6
{[%clk 0:43:03]} 64. Rh8 {[%clk 0:05:11]} Rb1+ {[%clk 0:39:37]} 65. Ka6
{[%clk 0:05:25]} Bd3 {[%clk 0:38:14]} 66. a8=Q {[%clk 0:04:06]} Bxc4+
{[%clk 0:38:37]} 67. Ka5 {[%clk 0:04:29]} Ra1+ {[%clk 0:37:34]} 68. Kb4
{[%clk 0:04:53]} Rxa8 {[%clk 0:37:46]} 69. Rxa8 {[%clk 0:05:17]} Bd3
{[%clk 0:38:06]} 70. Rh8 {[%clk 0:05:42]} Be4 {[%clk 0:37:33]} 71. Kc5
{[%clk 0:06:01]} Bb1 {[%clk 0:37:47]} 72. Kd6 {[%clk 0:06:29]} Be4
{[%clk 0:38:01]} 73. Ke5 {[%clk 0:06:53]} Bb1 {[%clk 0:38:13]} 74. Rb8
{[%clk 0:07:15]} Be4 {[%clk 0:38:24]} 75. Rb6+ {[%clk 0:07:39]} 1-0

[Event "Brønshøj Lang Weekend 2015"]
[Site "?"]
[Date "2015.02.07"]
[Round "3.10"]
[White "Benjamin O'hayv, Nikolaj"]
[Black "Birk Petersen, Peter"]
[Result "0-1"]
[BlackElo "2158"]
[WhiteElo "1890"]
[LiveChessVersion "1.4.5"]

1. e4 {[%clk 1:08:25]} c5 {[%clk 1:30:44]} 2. Nc3 {[%clk 1:07:59]} Nc6
{[%clk 1:30:35]} 3. f4 {[%clk 1:07:58]} g6 {[%clk 1:28:38]} 4. Nf3
{[%clk 1:08:05]} Bg7 {[%clk 1:28:42]} 5. g3 {[%clk 1:05:36]} d6 {[%clk 1:26:51]}
6. Bg2 {[%clk 1:05:45]} e6 {[%clk 1:25:27]} 7. d3 {[%clk 1:04:50]} Nge7
{[%clk 1:25:32]} 8. O-O {[%clk 1:04:18]} O-O {[%clk 1:25:43]} 9. g4
{[%clk 1:02:45]} f5 {[%clk 1:22:34]} 10. gxf5 {[%clk 1:02:37]} exf5
{[%clk 1:22:48]} 11. Ne2 {[%clk 0:57:02]} Bd7 {[%clk 1:18:12]} 12. c3
{[%clk 0:56:41]} Qb6 {[%clk 1:13:57]} 13. Ng3 {[%clk 0:55:37]} Rae8
{[%clk 1:11:10]} 14. Ng5 {[%clk 0:46:33]} h6 {[%clk 1:09:08]} 15. Nf3
{[%clk 0:34:38]} Kh7 {[%clk 1:05:15]} 16. Nh4 {[%clk 0:31:38]} Bf6
{[%clk 1:02:44]} 17. Nf3 {[%clk 0:28:12]} Nd8 {[%clk 0:57:47]} 18. e5
{[%clk 0:27:36]} Bg7 {[%clk 0:58:10]} 19. h4 {[%clk 0:22:35]} dxe5
{[%clk 0:53:54]} 20. fxe5 {[%clk 0:21:12]} Nec6 {[%clk 0:51:15]} 21. h5
{[%clk 0:19:04]} Nxe5 {[%clk 0:50:37]} 22. Nxe5 {[%clk 0:18:57]} Bxe5
{[%clk 0:50:39]} 23. hxg6+ {[%clk 0:18:47]} Qxg6 {[%clk 0:50:56]} 24. Ne2
{[%clk 0:12:34]} Bc6 {[%clk 0:50:22]} 25. Rf2 {[%clk 0:12:38]} f4
{[%clk 0:47:23]} 26. Bxf4 {[%clk 0:09:37]} Bxf4 {[%clk 0:47:37]} 27. Nxf4
{[%clk 0:09:45]} Rxf4 {[%clk 0:47:54]} 28. Qd2 {[%clk 0:09:12]} Rxf2
{[%clk 0:48:01]} 29. Qxf2 {[%clk 0:09:24]} Rg8 {[%clk 0:48:15]} 30. Re1
{[%clk 0:08:56]} Qxg2+ {[%clk 0:48:20]} 31. Qxg2 {[%clk 0:09:10]} Rxg2+
{[%clk 0:48:42]} 0-1

[Event "Brønshøj Lang Weekend 2015"]
[Site "?"]
[Date "2015.02.07"]
[Round "3.11"]
[White "A. Eriksson, Christian"]
[Black "S. Henriksen, Christian"]
[Result "1/2-1/2"]
[BlackElo "1837"]
[WhiteElo "2147"]
[LiveChessVersion "1.4.5"]

1. e4 {[%clk 1:30:58]} e6 {[%clk 1:30:54]} 2. d4 {[%clk 1:30:43]} d5
{[%clk 1:31:18]} 3. e5 {[%clk 1:31:09]} c5 {[%clk 1:31:44]} 4. c3
{[%clk 1:31:34]} Nc6 {[%clk 1:32:10]} 5. Nf3 {[%clk 1:31:56]} Qb6
{[%clk 1:32:31]} 6. a3 {[%clk 1:31:38]} a5 {[%clk 1:32:01]} 7. Bd3
{[%clk 1:30:39]} f5 {[%clk 1:30:19]} 8. exf6 {[%clk 1:26:28]} Nxf6
{[%clk 1:30:41]} 9. O-O {[%clk 1:25:58]} Bd7 {[%clk 1:25:42]} 10. h3
{[%clk 1:24:20]} Bd6 {[%clk 1:19:23]} 11. Bc2 {[%clk 1:19:04]} O-O
{[%clk 1:17:14]} 12. Re1 {[%clk 1:17:41]} Rae8 {[%clk 1:16:11]} 13. b3
{[%clk 1:09:17]} e5 {[%clk 1:12:40]} 14. dxe5 {[%clk 1:07:31]} Nxe5
{[%clk 1:10:17]} 15. Nbd2 {[%clk 1:06:30]} Bc6 {[%clk 1:03:36]} 16. Bb2
{[%clk 1:04:39]} Bb8 {[%clk 0:57:45]} 17. Nxe5 {[%clk 0:59:03]} Bxe5
{[%clk 0:56:55]} 18. Nf3 {[%clk 0:57:46]} Bb8 {[%clk 0:56:11]} 19. Rxe8
{[%clk 0:50:19]} Rxe8 {[%clk 0:56:10]} 20. Nd2 {[%clk 0:47:31]} Qc7
{[%clk 0:52:06]} 21. Nf1 {[%clk 0:46:31]} Qe5 {[%clk 0:50:38]} 22. Qd3
{[%clk 0:38:32]} Qg5 {[%clk 0:32:09]} 23. Qf5 {[%clk 0:33:12]} Qxf5
{[%clk 0:27:55]} 24. Bxf5 {[%clk 0:33:42]} Re2 {[%clk 0:25:32]} 25. Rb1
{[%clk 0:31:13]} Bf4 {[%clk 0:19:45]} 26. Bd3 {[%clk 0:26:59]} Re8
{[%clk 0:18:09]} 27. a4 {[%clk 0:24:46]} Ne4 {[%clk 0:17:35]} 28. Rd1
{[%clk 0:16:46]} Bg5 {[%clk 0:16:32]} 29. Bb5 {[%clk 0:12:20]} Bxb5
{[%clk 0:14:57]} 30. axb5 {[%clk 0:12:48]} Nf6 {[%clk 0:14:59]} 1/2-1/2

[Event "Brønshøj Lang Weekend 2015"]
[Site "?"]
[Date "2015.02.07"]
[Round "3.12"]
[White "Laurids Hansen, John"]
[Black "Manosri Jacobsen, Mikkel"]
[Result "0-1"]
[BlackElo "2145"]
[WhiteElo "1876"]
[LiveChessVersion "1.4.5"]

1. e4 {[%clk 1:30:57]} c6 {[%clk 1:30:41]} 2. Nf3 {[%clk 1:31:20]} d5
{[%clk 1:31:06]} 3. Nc3 {[%clk 1:31:43]} Bg4 {[%clk 1:31:25]} 4. h3
{[%clk 1:31:12]} Bxf3 {[%clk 1:31:49]} 5. Qxf3 {[%clk 1:31:36]} e6
{[%clk 1:32:09]} 6. exd5 {[%clk 1:30:31]} cxd5 {[%clk 1:32:17]} 7. Bb5+
{[%clk 1:28:11]} Nc6 {[%clk 1:32:39]} 8. Bxc6+ {[%clk 1:28:11]} bxc6
{[%clk 1:33:07]} 9. d4 {[%clk 1:28:17]} Qb6 {[%clk 1:32:26]} 10. Ne2
{[%clk 1:25:00]} Nf6 {[%clk 1:29:41]} 11. O-O {[%clk 1:23:52]} Be7
{[%clk 1:29:39]} 12. c3 {[%clk 1:23:22]} O-O {[%clk 1:29:37]} 13. Re1
{[%clk 1:21:33]} a5 {[%clk 1:28:47]} 14. b3 {[%clk 1:20:44]} c5 {[%clk 1:27:21]}
15. Be3 {[%clk 1:12:07]} Ne4 {[%clk 1:20:38]} 16. Bf4 {[%clk 1:07:32]} cxd4
{[%clk 1:20:26]} 17. cxd4 {[%clk 1:07:41]} Bf6 {[%clk 1:18:56]} 18. Qe3
{[%clk 1:01:48]} Rfc8 {[%clk 1:12:33]} 19. Rec1 {[%clk 1:01:37]} Bh4
{[%clk 1:11:19]} 20. Ng3 {[%clk 0:55:28]} Bxg3 {[%clk 1:07:32]} 21. Bxg3
{[%clk 0:53:22]} Nxg3 {[%clk 1:04:47]} 22. fxg3 {[%clk 0:53:36]} f6
{[%clk 1:03:56]} 23. Rc3 {[%clk 0:50:29]} Rxc3 {[%clk 1:01:19]} 24. Qxc3
{[%clk 0:50:56]} e5 {[%clk 1:01:18]} 25. Qc5 {[%clk 0:49:51]} Qxc5
{[%clk 1:01:42]} 26. dxc5 {[%clk 0:50:13]} Kf7 {[%clk 1:02:08]} 27. a3
{[%clk 0:48:27]} Rb8 {[%clk 1:01:09]} 28. Rb1 {[%clk 0:46:02]} Ke6
{[%clk 1:00:13]} 29. Kf2 {[%clk 0:45:30]} d4 {[%clk 1:00:27]} 30. g4
{[%clk 0:40:21]} Kd5 {[%clk 0:59:51]} 31. b4 {[%clk 0:40:05]} axb4
{[%clk 0:59:50]} 32. axb4 {[%clk 0:40:31]} Ra8 {[%clk 0:55:00]} 33. Rc1
{[%clk 0:31:23]} Ra2+ {[%clk 0:53:05]} 34. Kf1 {[%clk 0:28:31]} Kc6
{[%clk 0:53:16]} 35. Rb1 {[%clk 0:28:00]} Kb5 {[%clk 0:52:20]} 36. Kg1
{[%clk 0:25:53]} g6 {[%clk 0:50:04]} 37. Kf1 {[%clk 0:24:33]} f5 {[%clk 0:50:26]}
38. gxf5 {[%clk 0:24:36]} gxf5 {[%clk 0:50:54]} 39. Kg1 {[%clk 0:23:37]} e4
{[%clk 0:50:57]} 40. Kf1 {[%clk 0:36:55]} d3 {[%clk 1:05:08]} 41. h4
{[%clk 0:35:44]} f4 {[%clk 1:05:23]} 42. Re1 {[%clk 0:28:51]} e3 {[%clk 1:05:04]}
43. Rb1 {[%clk 0:27:28]} h5 {[%clk 1:04:59]} 44. Kg1 {[%clk 0:27:01]} d2
{[%clk 1:04:18]} 45. Kf1 {[%clk 0:27:08]} d1=Q+ {[%clk 1:04:36]} 46. Rxd1
{[%clk 0:27:34]} e2+ {[%clk 1:04:58]} 0-1